000 00703cam a22002294a 4500
005 20250605164247.0
008 250528s ||||||||||||||||||||||||d
035 _a21581
020 _a9789605017019
040 _aGR-AtMCL
_bgre
_dGR-AtMCL
_eAACR2
245 1 _aΗ ΜΕΘΟΔΟΣ PROJECT ΣΤΗΝ ΠΡΟΣΧΟΛΙΚΗ ΚΑΙ ΠΡΩΤΟΣΧΟΛΙΚΗ ΕΚΠΑΙΔΕΥΣΗ
250 _a2 ΕΜΠΛΟΥΤΙΣΜΕΝΗ
260 _bΜεταίχμιο,
_c2012
300 _a240
505 0 _aΜΙΚΡΑ ΠΑΙΔΙΑ PROJECTS
520 _aΜΙΚΡΑ ΠΑΙΔΙΑ PROJECTS
700 1 _aHelm Judy Harris
_97543
700 1 _aKatz Lilian
_97544
942 _cBK
999 _c6642
_d6642